000
00337nam a22001457a 4500
008
230717b ||||| |||| 00| 0 eng d
020
_a
9781111578367
041
_a
eng
080
_2
5 EDITION
_a
51
082
_a
51TUS
100
_a
23
101
_a
MATEM
245
_a
ELEMENTARY AND INTERMEDIATE ALGEBRA
_c
ALAN S T
942
_2
udc
_c
BK
999
_c
60144
_d
60144